| 000 | 00530cam a2200169 4500 | ||
|---|---|---|---|
| 001 | 350 | ||
| 005 | 20181127161343.0 | ||
| 008 | 970801s1998 njua b 001 0 eng | ||
| 010 | _a 97033459 | ||
| 020 | _a0691017069 (cl : alk. paper) | ||
| 100 | 1 | _aRay, Debraj. | |
| 245 | 1 | 0 |
_aDevelopment economics / _cDebraj Ray. |
| 260 |
_aNew Delhi : _bOxford University Press, _c2011. |
||
| 300 |
_axvii, 848 p. : _bill. ; _c26 cm. |
||
| 504 | _aIncludes bibliographical references (p. [805]-828) and indexes. | ||
| 650 | 0 | _aDevelopment economics. | |
| 999 |
_c308 _d308 |
||